Ứng dụng tin học vào công tác quản lý cán bộ giáo viên phòng giáo dục huyện Nam Đàn.

Cơ sở lý thuyết của chương trình. Phân tích thiết kế hệ thống cho bài toán. Xây dựng chương trình.

محفوظ في:
التفاصيل البيبلوغرافية
المؤلف الرئيسي: Lê, Thị Phương Thoan (Tác giả)
مؤلفون آخرون: Phan Đoàn Ngọc Phương Th.S (Hướng dẫn)
التنسيق: كتاب
اللغة:Vietnamese
منشور في: Đà Nẵng Đại học Đà Nẵng 2007
الموضوعات:
الوسوم: إضافة وسم
لا توجد وسوم, كن أول من يضع وسما على هذه التسجيلة!
Thư viện lưu trữ: Mạng thư viện Đại học Đà Nẵng
LEADER 01524nam a2200373 4500
001 000011801
003 8074
005 20120210140243.0
008 120210s2007 viesd
041 |a vie 
072 |a Khóa luận tốt nghiệp 
082 |a 005.74068  |b LE-T 
100 |a Lê, Thị Phương Thoan  |e Tác giả 
245 |a Ứng dụng tin học vào công tác quản lý cán bộ giáo viên phòng giáo dục huyện Nam Đàn.  |c Lê Thị Phương Thoan 
260 |a Đà Nẵng  |b Đại học Đà Nẵng  |c 2007 
300 |a 50 tr.  |c 29 cm 
500 |a Khóa luận tốt nghiệp khoa Tin học.Ngành: Cử nhân công nghệ thông tin. Lớp 031 CCT02 
520 |a Cơ sở lý thuyết của chương trình. Phân tích thiết kế hệ thống cho bài toán. Xây dựng chương trình. 
653 |a Chương trình 
653 |a Ứng dụng 
653 |a Tin học 
653 |a Quản lý 
653 |a Cán bộ giáo viên 
700 |a Phan Đoàn Ngọc Phương  |c Th.S  |e Hướng dẫn 
OWN |a LSP 
AVA |a UDN50  |b LSP  |d 005.74068 LE-T  |e available  |t Error 5001 Not defined in file expand_doc_bib_avail.  |f 1  |g 0  |h N  |i 0  |k 1 
999 |a From the UDN01 
AVA |a UDN50  |b LSP  |d 005.74068 LE-T  |e available  |t Error 5001 Not defined in file expand_doc_bib_avail.  |f 1  |g 0  |h N  |i 0  |k 1 
TYP |a Monograph 
TYP |a Printed language 
980 |a Mạng thư viện Đại học Đà Nẵng